Brazilian States by Clue - Statistics

General Stats
  • This quiz has been taken 15 times
  • The average score is 11 of 20
Answer Stats
Clue State % Correct
Home to Copacabana and Ipanema Rio de Janeiro
92%
Shares Iguazu Falls with Argentina Paraná
77%
According to a joke conspiracy theory, this state doesn't exist Acre
69%
The Afro-Brazilian music style axé originated here Bahia
69%
Its colonial capital was Ouro Preto Minas Gerais
69%
Northernmost state of Brazil Roraima
69%
Has cities like Santos and Ribeirão Preto São Paulo
69%
The above broke away from this state in 1988 Goiás
62%
Home to Lençóis Maranhenses, designated as a World Heritage Site in 2024 Maranhão
62%
Newest state of Brazil Tocantins
62%
Largest first-level subdivision in South America by area Amazonas
54%
Its capital is João Pessoa Paraíba
54%
Accounts for roughly 90% of Brazil's total wine production Rio Grande do Sul
54%
Has pink on its flag Espírito Santo
46%
Its largest city is Joinville Santa Catarina
46%
Its name means "Thick Forest" Mato Grosso
38%
YouTuber Whindersson Nunes was born here Piauí
38%
Named originated from the last name of military officer and explorer Cândido Rondônia
38%
Where the lambada dance was created Pará
31%
Shares the São Francisco delta with Alagoas Sergipe
31%
No matching quizzes found
Score Distribution
Percent of People with Each Score
Percentile by Number Answered
Your Score History
You have not taken this quiz